000 00468nam a2200181Ia 4500
001 11421
005 20260306162827.0
008 260306t2001||||xx |||||||||||||| ||spa||
041 _aESP
082 _a985.04
_bO664
100 _aO´Phelan Godoy, Scarlett (comp.)
_eAUT
245 0 _aLa independencia en el Perú de los Borbones a Bolívar
260 _c2001
300 _a542 páginas :
_c22 cm.
650 _aGEN
654 _aCHU
942 _cLIB
_dJUS
_fJUS
_2ddc
_n
999 _c11421
_d11421